54

Доступно только в Электронных читальных залах Найти на картеНа карте
RUSMARC
00004001nac2a22002651x 450
0014497c256-0533-4d85-b284-04d107e5ae77
00520170611104721.0
100##$a20170510l1928 k y0rusy50 ca
1010#$arus
102##$aRU
105##$ay z |||||
1220#$ad19280620
2001#$a54
$j20.06.1928
215##$a18 листов
251##$cДело
300##$aЗаголовок дела на папке: Протокол № 54 заседания Президиума Центрального Исполнительного Комитета Союза ССР 20 июня 1928 г.
300##$aЧасть текста машинописная, часть - напечатана типографским способом
330##$aВходит в раздел описи: Протоколы Заседаний Президиума IV-го созыва /оригиналы/
461#0$1001796d4672-8a00-4986-b488-6e42273792cc
$12001
$aЦЕНТРАЛЬНЫЙ ИСПОЛНИТЕЛЬНЫЙ КОМИТЕТ СССР (ЦИК СССР)
$1251
$cФонд
$1852
$j3316
$gР
462#0$10015593f570-cd62-4a8d-a1d8-0c815fe27ed2
$12001
$aПротоколы заседаний Президиума ЦИК СССР, объединенных заседаний секретариатов ЦИК СССР и ВЦИК и совещаний при председателе ЦИК СССР. 1923-1938 гг.
$vД. 215
$1251
$cОпись
$1852
$j12
5171#$aПротокол № 54 заседания Президиума Центрального Исполнительного Комитета Союза ССР 20 июня 1928 г.
60101$3RU\NLR\AUTH\880357276
$aСССР
$bЦИК
801#0$aRU
$bGA_RF
801#1$aRU
$bАО "НПО Опыт"
$c20170510
$2rusmarc
801#2$aRU
$bПБ им. Б.Н. Ельцина
$c20170611
$gRCR
$2rusmarc
852##$aГА РФ
$j215
937##$d99090773
$hПБ
035##$aRuPRLIB51042249
856##$uhttp://readingroom.main.prlib.ru/item.aspx?id_node=n99090773&mode=full
Формат отображения